000 00547nam a2200193Ia 4500
008 151121s9999||||xx |||||||||||||| ||und||
082 _a813/भागव
082 _bHNW-115654
100 _aभागवत शशी
245 _aमर्मभेद
260 _b"सायली प्रकाशन, पुणे।"
260 _c2014
300 _a592
600 _aभागवत शशी
630 _aमर्मभेद
700 _aभागवत शशी
730 _aमर्मभेद
942 _cBOOK
999 _c1264367
_d1264364